00473nam a2200133 a 450000100100000000500170001000800410002704000250006810000180009324501030011126000600021430000360027470000290031000003807320201002031153.0130312d2004 dr ac 000 0 spa d aDO-SdBNPbspacBNPHU1 aSuazo, Wilson10aBaní :bcrónicas de mi pueblo, vivencia del pasado siglo /cprólogo Maguá Moquete Paredes. aSanto Domingo :bEdiciones Banís Ayer y Hoy,c[200?]. a244 p. :bil., retrs. ;c22 cm.1 aMoquete Paredes, Maguá